| 000 | 00494nam a2200169 a 4500 | ||
|---|---|---|---|
| 001 | 000032997 | ||
| 005 | 20240614093609.0 | ||
| 008 | 090122s1912 dr 000 0 spa d | ||
| 040 |
_aDO-SdBNP _bspa _cBNPHU |
||
| 082 |
_axxxx _bG216r |
||
| 100 | 1 |
_aGarcía Godoy, Federico, _d1857-1924 _91669 |
|
| 245 | 1 | 0 |
_aRufinito : _b(sucedido histórico) / _cF. García Godoy. |
| 250 | _a2a ed. | ||
| 260 |
_aSanto Domingo : _bImp. Cuna de América, _c1912. |
||
| 300 |
_a231 p. ; _c19 cm. |
||
| 049 | _aBNPD | ||
| 999 |
_c32488 _d32488 |
||